| 000 | 00403nam a22001577a 4500 | ||
|---|---|---|---|
| 005 | 20250712124152.0 | ||
| 008 | 250712b |||||||| |||| 00| 0 eng d | ||
| 020 | _a9780781439640 | ||
| 050 |
_aBT77 _b.L555 LIT |
||
| 100 | _aLITTLE PAUL E. | ||
| 245 |
_aKNOW WHAT YOU BELIEVE; _bCONNECTING FAITH AND TRUTH |
||
| 250 | _a5th | ||
| 260 |
_aCOLORADO _bVICTOR _cc2003 |
||
| 300 | _a146p | ||
| 942 |
_2lcc _cBK _n0 |
||
| 999 |
_c6932 _d6932 |
||